Les joueurs de l'Amiens SC en Ligue 1 2019/2020 - Statistiques

Statistiques générales
  • Ce quiz a été pris 129 fois
  • Le résultat moyen est 12 sur 27
Statistiques - réponses
Poste Club Pays Nom % Correct
G Amiens SC France Régis Gurtner
95%
M Amiens SC République démocratique du Congo Gaël Kakuta
81%
A Amiens SC Iran Saman Ghoddos
68%
A Amiens SC France Serhou Guirassy
67%
A Amiens SC Sénégal Moussa Konaté
65%
A Amiens SC Colombie Stiven Mendoza
65%
M Amiens SC Afrique du Sud Bongani Zungu
58%
M Amiens SC France Thomas Monconduit
58%
A Amiens SC Colombie Juan Ferney Otero
57%
M Amiens SC France Mathieu Bodmer
50%
D Amiens SC Italie Arturo Calabresi
49%
D Amiens SC France Christophe Jallet
49%
D Amiens SC France Prince-Désir Gouano
44%
M Amiens SC France Alexis Blin
42%
D Amiens SC Mali Bakaye Dibassy
38%
D Amiens SC France Jordan Lefort
38%
A Amiens SC Suède Jack Lahne
37%
D Amiens SC Norvege Haitam Aleesami
36%
M Amiens SC France Eddy Gnahoré
35%
D Amiens SC Cameroun Aurélien Chedjou
30%
M Amiens SC République démocratique du Congo Chadrac Akolo
27%
A Amiens SC Cote d'Ivoire Cheick Timité
24%
M Amiens SC France Quentin Cornette
15%
A Amiens SC Belgique Isaac Mbenza
13%
M Amiens SC Mali Fousseni Diabaté
11%
M Amiens SC France Madih Talal
2%
D Amiens SC Ghana Nicholas Opokun
1%
Aucun quiz correspondant
Distribution des résultats
% des personnes avec chaque résultat
Percentile par nombre de réponses
Votre historique - résultats
Vous n’avez pas pris ce quiz